000 00404nam a22001457a 4500
999 _c7550
_d7548
005 20210310155109.0
008 210310b ||||| |||| 00| 0 eng d
082 _a346.066
100 _aAIYAR, A.N.
_96466
245 _aREPORTS OF COMPANY INCLUDING CASES ON BANKING AND INSURANCE [VOL-35]
260 _aMADRAS
_bCOMPANY LAW INSTITUTE OF INDIA
300 _aI-XVI,P
650 _aLAW
_95701
942 _cJRL